00556nam a2200157 a 450000100100000000500170001000800410002704000250006808200150009310000430010824500500015126000470020130000200024895201130026899900170038100004542520240229073949.0150309s2014 dr 000 p spa d aDO-SdBNPbspacBNPHU axxxxbxxxx1 aLantigua, José Rafael, d1949-9143813aLa fatiga invocada /cJosé Rafael Lantigua. aSanto Domingo :bEdiciones Centero,c2014. a53 p. ;c23 cm. 0010718PDaPDbPDcCTd2015-03-09iLF1l0oxxxx xxxxp45425-10r2020-06-25w2020-06-25yLFPDZNo se presta c44914d44914